LEADER 01137nam0 22003011i 450 001 UON00514701 005 20231205105515.314 020 $aIT$b8313915 100 $a20230525d1981 |0itac50 ba 101 $aita 102 $aIT 105 $a|||| ||||| 200 1 $aPerturbamento$fThomas Bernhard$ga cura e con un saggio di Eugenio Bernardi 210 $aMilano$cAdelphi$d[1981] 215 $a239 p.$d22 cm 410 1$1001UON00335107$12001 $aNarrativa contemporanea$1210 $aMilano$cAdelphi edizioni 606 $aNARRATIVA TEDESCA$3UONC084005$2FI 620 $aIT$dMilano$3UONL000005 676 $a833.9$cNarrativa tedesca, 1900-$v21 700 1$aBERNHARD$bThomas$3UONV126012$0132758 702 1$aBERNARDI$bEugenio$3UONV190632$4730 712 $aAdelphi$3UONV245967$4650 801 $aIT$bSOL$c20240220$gRICA 899 $aSIBA - SISTEMA BIBLIOTECARIO DI ATENEO$2UONSI 912 $aUON00514701 950 $aSIBA - SISTEMA BIBLIOTECARIO DI ATENEO$dSI F. Goethe 830 BER 1588 $eSI 42933 5 1588 996 $aPerturbamento$91677263 997 $aUNIOR